000 00333nam a2200133Ia 4500
005 20251222155057.0
008 251222s9999||||xx |||||||||||||| ||spa||
082 _aDIC.26
100 _aBarbara Weller
245 0 _aDiccionario enciclopédico de ciencias de la salud
250 _a1ra. ed.
264 _bMcGraw - Hill
942 _cLIB
999 _c37511
_d37511